Zákon o rozpočtových pravidlách verejnej správy - novela

Úprava zriaďovania rozpočtových a príspevkových organizácií podľa zákona o rozpočtových pravidlách verejnej správy. Ich hospodárenie.

Gespeichert in:
Bibliographische Detailangaben
1. Verfasser: Matulková, Mariana
Format: Buchkapitel
Sprache:Slowakisch
Schlagworte:
Tags: Tag hinzufügen
Keine Tags, Fügen Sie das erste Tag hinzu!

MARC

LEADER 00000naa$a2200000$$$4500
001 0207486
005 20231120130711.9
041 0 |a slo 
044 |a SK 
245 1 0 |a Zákon o rozpočtových pravidlách verejnej správy - novela  |c Mariana Matulková 
520 |a Úprava zriaďovania rozpočtových a príspevkových organizácií podľa zákona o rozpočtových pravidlách verejnej správy. Ich hospodárenie. 
610 2 0 |a pravidlá rozpočtové 
610 2 0 |a správa verejná 
610 2 0 |a Slovensko 
610 2 0 |a zákony 
610 2 0 |a novelizácia 
610 2 0 |a organizácie rozpočtové 
610 2 0 |a organizácie príspevkové 
100 1 |a Matulková, Mariana